Guess the country code - Statistics

General Stats
  • This quiz has been taken 5 times
  • The average score is 9 of 15
Answer Stats
Hint Answer % Correct
Canada +1
80%
Switzerland +41
80%
Germany +49
80%
Egypt +20
60%
South Africa +27
60%
Norway +47
60%
Mexico +52
60%
Argentina +54
60%
Brazil +55
60%
Australia +61
60%
Thailand +66
60%
Japan +81
60%
Turkey +90
60%
India +91
60%
Serbia +381
40%
No matching quizzes found
Score Distribution
Percent of People with Each Score
Percentile by Number Answered
Your Score History
You have not taken this quiz